000 01109nam a22002177a 4500
005 20220517151032.0
008 220517b ||||| |||| 00| 0 eng d
040 _cAloy
041 _aeng
082 _223
_a248.25
_bHOWF
100 _aPeter Howard
_937651
245 _aFrank Buchmans secret
260 _aLondon:
_bHeinmann,
_c1961.
300 _a125p.
_bHB
_c20x13cm.
365 _2Christianity
520 _aWhen Frank Buchman, the initiator of Moral Re-Armament, died in August 1961, messages came from twenty-two Heads of State and Prime Ministers all over the world. Many described the profound effect he had had upon their countries. What was the secret of Frank Buchman's amazing life -- of the love that he drew from so many and the fanatical hate which he provoked in some? This book is not concerned with praise, but with truth. It tells Frank Buchman's Secret -- his way of dealing with the men and women of every race, class and nation who flocked to him.
650 _aChristianity
_937652
650 _aMoral Re-armament
_937653
700 _aHOWARD (Peter)
_937654
942 _2ddc
_cGF
999 _c222973
_d222973